Bijdrage tot de Wederopbouw der Nederlands-Duitse betrekkingen = Beitrag zum wiederaufbau der Deutsch-Niederländeschen beziehungen (Record no. 7872)

MARC details
000 -CABECERA
campo de control de longitud fija 00771nam a2200241 a 4500
001 - NÚMERO DE CONTROL
campo de control BRCA_8204
005 - FECHA Y HORA DE LA ÚLTIMA TRANSACCIÓN
campo de control 20190320210156.0
008 - DATOS DE LONGITUD FIJA--INFORMACIÓN GENERAL
campo de control de longitud fija 150514s1950----ne-####f##---#001-0#dut-#
041 ## - CÓDIGO DE LENGUA
Código de lengua del texto/banda sonora o título independiente dut
044 ## - CÓDIGO DEL PAÍS DE LA ENTIDAD EDITORA/PRODUCTORA
Código MARC del país ne
050 #4 - SIGNATURA TOPOGRÁFICA DE LA BIBLIOTECA DEL CONGRESO
Número de clasificación HN460
Número de documento/Ítem .B5
100 1# - ENTRADA PRINCIPAL--NOMBRE DE PERSONA
Nombre de persona Gelissen, H.
9 (RLIN) 20444
245 10 - MENCIÓN DE TÍTULO
Título Bijdrage tot de Wederopbouw der Nederlands-Duitse betrekkingen = Beitrag zum wiederaufbau der Deutsch-Niederländeschen beziehungen
Mención de responsabilidad, etc. H. Gelissen.
260 ## - PUBLICACIÓN, DISTRIBUCIÓN, ETC.
Lugar de publicación, distribución, etc. Holanda
Nombre del editor, distribuidor, etc. Nederlandese Kamer
Fecha de publicación, distribución, etc. [1950]
300 ## - DESCRIPCIÓN FÍSICA
Extensión 80 p.
Dimensiones 22 cm.
500 ## - NOTA GENERAL
Nota general U84
546 ## - NOTA DE LENGUA/LENGUAJE
Nota de lengua/lenguaje Texto en: holandés y alemán
650 14 - PUNTO DE ACCESO ADICIONAL DE MATERIA--TÉRMINO DE MATERIA
Término de materia o nombre geográfico como elemento de entrada Política exterior
9 (RLIN) 20445
651 #4 - PUNTO DE ACCESO ADICIONAL DE MATERIA--NOMBRE GEOGRÁFICO
Nombre geográfico Holanda
Subdivisión de forma Reconstrucción política
9 (RLIN) 20446
651 #4 - PUNTO DE ACCESO ADICIONAL DE MATERIA--NOMBRE GEOGRÁFICO
Nombre geográfico Alemania
Subdivisión de forma Reconstrucción política
9 (RLIN) 20447
902 ## - CATALOGADOR
Iniciales GFM
942 ## - ELEMENTOS DE PUNTO DE ACCESO ADICIONAL (KOHA)
Fuente del sistema de clasificación o colocación Library of Congress Classification
Tipo de ítem Koha Libros
Holdings
Estado de retiro Estado de pérdida Estado dañado No para préstamo Localización permanente Ubicación/localización actual Fecha de adquisición Número de inventario Total de préstamos Signatura topográfica completa Código de barras Fecha visto por última vez Precio válido a partir de Tipo de ítem Koha
El ejemplar forma parte de la colección y puede ser consultado según las políticas vigentes.       Biblioteca del Museo Franz Mayer (Rogerio Casas-Alatriste) Biblioteca del Museo Franz Mayer (Rogerio Casas-Alatriste) 15/05/2014 U84   HN460 .B5 (U84) 8828 22/03/2019 22/03/2019 Libros